000 00958nmm a2200301 a 4500
001 ocm0001703226
003 TR-IsHL
005 20201028170258.0
008 180121s2017 tu tur
007 cr cn
020 _a9786051291857
035 _a1703226
_b(N$T)
050 0 4 _aPL248.K66
_bV36 2017
090 0 4 _aPL248.K66
_bV36 2017
100 1 _aKömür, Murat
245 1 0 _aVampir tuzağı: uyanış
_h[electronic resource] /
_cMurat Kömür ; editör Osman Tatlı
250 _aDördüncü basım
260 _aİstanbul :
_bAkis Kitap,
_c2017
300 _a174 p.
500 _aDış kapakta : Sessiz ol
_x
650 4 _aDil ve Edebiyat
650 4 _aLanguage and Literature
650 0 _aTürk romanı
650 0 _aTurkish fiction
650 7 _aLITERARY COLLECTIONS / Middle Eastern
_2bisacsh
700 1 _aTatlı, Osman
856 4 0 _uhttp://search.ebscohost.com/login.aspx?direct=true&scope=site&db=e011xww&AN=1703226
999 _c16186
_d16186